| Tag |
First Indicator |
Second Indicator |
Subfields |
| LEADER |
00000cgm a2200000Ia 4500 |
| 001 |
in00002781810 |
| 005 |
20150922114849.0 |
| 007 |
vd bvaizs |
| 008 |
061010s2006 cau126 g vleng d |
| 019 |
|
|
|a 590230140
|
| 020 |
|
|
|a 1419838245
|
| 020 |
|
|
|a 9781419838248
|
| 024 |
1 |
|
|a 012569793699
|
| 028 |
4 |
2 |
|a 79369
|b Warner Home Video
|
| 035 |
|
|
|a (OCoLC)ocm72476006
|
| 035 |
|
|
|a (OCoLC)72476006
|z (OCoLC)590230140
|
| 037 |
|
|
|b Midwest Tape
|n http://www.midwesttapes.com
|
| 040 |
|
|
|a TEFMT
|b eng
|c TEFMT
|d GZD
|d RCS
|d EMU
|d OCLCQ
|d OCLCA
|d BTCTA
|d JED
|d OCLCQ
|d UPZ
|d WAU
|d VP@
|d OCLCQ
|d OCLCA
|d OCLCQ
|d ZCU
|d BDX
|d UtOrBLW
|
| 041 |
1 |
|
|a eng
|j eng
|j fre
|j por
|j spa
|h eng
|
| 043 |
|
|
|a e-fr---
|a e-uk-en
|
| 049 |
|
|
|a TXAM
|
| 050 |
1 |
4 |
|a DC148
|b .T354 2006
|
| 082 |
0 |
4 |
|a 791.43/72
|2 22
|
| 090 |
|
|
|a PN1997
|b .T25 2006
|
| 130 |
0 |
|
|a Tale of two cities (Motion picture : 1935)
|
| 245 |
1 |
0 |
|a Charles Dickens' A tale of two cities /
|c Metro-Goldwyn-Mayer presents ; screen play by W.P. Lipscomb and S.N. Behrman ; directed by Jack Conway ; produced by David O. Selznick.
|
| 246 |
3 |
0 |
|a Tale of two cities
|
| 250 |
|
|
|a Standard version.
|
| 264 |
|
2 |
|a Burbank, CA :
|b Distributed by Warner Home Video,
|c [2006]
|
| 300 |
|
|
|a 1 videodisc (approximately 126 min.) :
|b sound, black and white ;
|c 4 3/4 in.
|
| 336 |
|
|
|a two-dimensional moving image
|b tdi
|2 rdacontent
|
| 337 |
|
|
|a video
|b v
|2 rdamedia
|
| 338 |
|
|
|a videodisc
|b vd
|2 rdacarrier
|
| 538 |
|
|
|a DVD; region 1; full screen (1.33:1) presentation; Dolby Digital 2.0 stereo., surround, dual-layer.
|
| 546 |
|
|
|a In English with optional English, French, Spanish or Portuguese subtitles; closed-captioned.
|
| 511 |
1 |
|
|a Ronald Colman, Basil Rathbone, Henry B. Walthall, Elizabeth Allan, Edna May Oliver, Reginald Owen, Blanche Yurka.
|
| 508 |
|
|
|a Director of photography, Oliver T. Marsh ; editor, Conrad A. Nervig ; music, Herbert Stothart.
|
| 500 |
|
|
|a Based on the novel by Charles Dickens.
|
| 500 |
|
|
|a Originally produced as a motion picture in 1935.
|
| 521 |
8 |
|
|a Not rated by MPAA.
|
| 520 |
|
|
|a "An elaborate adaptation of Dickens' classic tale of the French Revolution. Dissipated lawyer Sydney Carton defends emigre Charles Darnay from charges of spying against England. He becomes enamored of Darnay's fiancée, Lucie Manette, and agrees to help her save Darnay from the guillotine when he is captured by Revolutionaries in Paris"--Marg Baskin in the IMDB, viewed Dec. 12, 2006.
|
| 500 |
|
|
|a Special features: Oscar®-nominated short "Audioscopiks"; 2 cartoons: "Hey, hey fever" and "Honeyland"; audio-only bonus: Radio show adaptation starring Ronald Colman; theatrical trailer.
|
| 500 |
|
|
|a Videorecording.
|
| 651 |
|
0 |
|a France
|x History
|y Revolution, 1789-1799
|v Drama.
|
| 651 |
|
0 |
|a Paris (France)
|x History
|y 1789-1799
|v Drama.
|
| 651 |
|
0 |
|a London (England)
|x History
|y 18th century
|v Drama.
|
| 650 |
|
0 |
|a Executions and executioners
|v Drama.
|
| 650 |
|
0 |
|a Fathers and daughters
|v Drama.
|
| 650 |
|
0 |
|a Lookalikes
|v Drama.
|
| 655 |
|
7 |
|a War films.
|2 lcgft
|
| 655 |
|
7 |
|a Historical films.
|2 lcgft
|
| 655 |
|
7 |
|a Feature films.
|2 lcgft
|
| 655 |
|
7 |
|a Film adaptations.
|2 lcgft
|
| 655 |
|
7 |
|a Fiction films.
|2 lcgft
|
| 655 |
|
7 |
|a Video recordings for the hearing impaired.
|2 lcgft
|
| 700 |
1 |
|
|a Conway, Jack,
|d 1887-1952.
|
| 700 |
1 |
|
|a Selznick, David O.,
|d 1902-1965.
|
| 700 |
1 |
|
|a Lipscomb, W. P.
|q (William Percy),
|d 1887-1958.
|
| 700 |
1 |
|
|a Behrman, S. N.
|q (Samuel Nathaniel),
|d 1893-1973.
|
| 700 |
1 |
|
|a Colman, Ronald,
|d 1891-1958.
|
| 700 |
1 |
|
|a Rathbone, Basil,
|d 1892-1967.
|
| 700 |
1 |
|
|a Walthall, Henry B.
|q (Henry Brazeale),
|d 1878-1936.
|
| 700 |
1 |
|
|a Allan, Elizabeth,
|d 1908-1990.
|
| 700 |
1 |
|
|a Oliver, Edna May,
|d 1883-1942.
|
| 700 |
1 |
|
|a Owen, Reginald,
|d 1887-1972.
|
| 700 |
1 |
|
|a Yurka, Blanche.
|
| 700 |
1 |
|
|a Dickens, Charles,
|d 1812-1870.
|t Tale of two cities.
|
| 710 |
2 |
|
|a Metro-Goldwyn-Mayer.
|
| 710 |
2 |
|
|a Warner Home Video (Firm)
|
| 994 |
|
|
|a C0
|b TXA
|
| 948 |
|
|
|a cataloged
|b h
|c 2012/9/17
|d c
|e blrosas
|f 10:37:16 am
|
| 999 |
|
|
|a MARS
|
| 999 |
f |
f |
|s 196fd58b-acd3-316f-8f1e-0b74054ba171
|i 4996241d-3a43-36e3-bb63-389f73fe56bf
|t 0
|
| 952 |
f |
f |
|p dvd
|a Texas A&M University
|b College Station
|c Sterling C. Evans Library
|d Evans: Media and Reserves (Annex 1st floor)
|t 0
|e PN1997 .T25 2006
|h Library of Congress classification
|i video -- videodisc
|m A14842757552
|
| 952 |
f |
f |
|p ric
|a Texas A&M University
|b Rellis Campus
|c Joint Library Facility
|d Remote Storage
|t 0
|e PN1997 .T25 2006
|h Library of Congress classification
|i video -- videodisc
|m A14841519170
|
| 998 |
f |
f |
|a PN1997 .T25 2006
|t 0
|l Remote Storage
|
| 998 |
f |
f |
|a PN1997 .T25 2006
|t 0
|l Evans: Media and Reserves (Annex 1st floor)
|